Top 20 most peaceful countries - Statistics

General Stats
  • This quiz has been taken 878 times
  • The average score is 14 of 20
Answer Stats
Rank Country % Correct
9 Sweden
93%
7 Finland
92%
11 Norway
92%
2 Denmark
89%
8 Canada
88%
1 Iceland
88%
5 Switzerland
87%
16 Australia
85%
3 New Zealand
84%
4 Austria
76%
6 Japan
76%
12 Ireland
74%
10 Belgium
72%
15 Germany
69%
18 Portugal
66%
17 Singapore
56%
13 Slovenia
47%
14 Czech Republic
37%
20 Bhutan
25%
19 Qatar
24%
No matching quizzes found
Score Distribution
Percent of People with Each Score
Percentile by Number Answered
Your Score History
You have not taken this quiz